LEADER 01424nam 2200445 450 001 9910154674703321 005 20230809233619.0 010 $a0-323-48279-1 035 $a(CKB)4340000000019429 035 $a(MiAaPQ)EBC4756912 035 $a(EXLCZ)994340000000019429 100 $a20161219h20172017 uy 0 101 0 $aeng 135 $aurcnu|||||||| 181 $2rdacontent 182 $2rdamedia 183 $2rdacarrier 200 00$aEvaluation of the small bowel /$feditor, Lauren B. Gerson ; consulting editor, Charles J. Lightdale 210 1$aPhiladelphia, Pennsylvania :$cElsevier,$d2017. 210 4$d©2017 215 $a1 online resource (252 pages) $cillustrations 225 1 $aGastrointestinal Endoscopy Clinics of North America, ;$vVolume 27, Number 1 300 $a"Clinics Review Articles"--Cover. 300 $a"January 2017." 311 $a0-323-48260-0 410 0$aGastrointestinal endoscopy clinics of North America ;$vVolume 27, Number 1. 606 $aIntestine, Small 606 $aIntestine, Small$xDiseases 615 0$aIntestine, Small. 615 0$aIntestine, Small$xDiseases. 676 $a599.0132 702 $aGerson$b Lauren B. 702 $aLightdale$b Charles J. 801 0$bMiAaPQ 801 1$bMiAaPQ 801 2$bMiAaPQ 906 $aBOOK 912 $a9910154674703321 996 $aEvaluation of the small bowel$92737004 997 $aUNINA LEADER 02601nas 2200529 n 450 001 990008895480403321 005 20240229084542.0 011 $a0003-424X 035 $a000889548 035 $aFED01000889548 035 $a(Aleph)000889548FED01 035 $a000889548 091 $2CNR$aP 00025222 100 $a20161109b19522000km-y0itaa50------ba 101 0 $afre 102 $aFR 110 $aauu-------- 200 1 $aAnnales de zootechnie 207 1$a1952-2000 210 $aParis$cElsevier;EDP sciences;Institut national de la recherche agronomique 326 $aTrimestrale 440 0$12001$aAnimal research 452 0$12001$aAnnales de zootechnie (Online) 530 0 $aAnnales de zootechnie 675 $a636 675 $a061.6 675 $a06.05 676 $a636 676 $a630.259 9705 676 $a636.081 05 712 02$aInstitut national de la recherche agronomique$c 801 0$aIT$bACNP$c20090723 859 4 $uhttp://acnp.cib.unibo.it/cgi-ser/start/it/cnr/dc-p1.tcl?catno=15741&person=false&language=ITALIANO&libr=&libr_th=unina1$zBiblioteche che possiedono il periodico 901 $aSE 912 $a990008895480403321 958 $aBiblioteca. Dipartimento di Scienze del Suolo, della Pianta, dell'Ambiente e della Produzioni Animali -Sez. Scienze zootecniche$b1955-1997;$c1992-1997;$fDAGSZ 958 $aBiblioteca Centralizzata. Facoltą di Agraria dell'Universitą Federico II di Napoli$b1967-1992;$fFAGBC 958 $aBiblioteca. Dipartimento di Scienze Zootecniche ed Ispezione degli Alimenti dell'Universitą Federico II. Sezione Beniamino Ferrara$b1955-2000.$fDMVBF 959 $aDAGSZ 959 $aFAGBC 959 $aDMVBF 996 $aAnnales de zootechnie$9801379 997 $aUNINA AP1 8 $6866-01$aNA085 Biblioteca. Dipartimento di Scienze del Suolo, della Pianta, dell'Ambiente e della Produzioni Animali -Sez. Scienze zootecniche$ev. Universitą,100, 80055 Portici (NA)$m08125.39322$nit AP1 8 $6866-02$aNA087 Biblioteca Centralizzata. Facoltą di Agraria dell'Universitą Federico II di Napoli$ev. Universitą, 100 Palazzo Reale, 80055 Portici (NA)$m081-2539322$m081-7760229$nit AP1 8 $6866-03$aNA096 Biblioteca. Dipartimento di Scienze Zootecniche ed Ispezione degli Alimenti dell'Universitą Federico II. Sezione Beniamino Ferrara$ev. Delpino,1, Napoli (NA)$m081 4421929/11$nit AP2 40$aacnp.cib.unibo.it$nACNP Italian Union Catalogue of Serials$uhttp://acnp.cib.unibo.it/cgi-ser/start/it/cnr/df-p.tcl?catno=15741&language=ITALIANO&libr=&person=&B=1&libr_th=unina&proposto=NO